Aproximación a la Composición Nominal Española

Na minha lista:
Detalhes bibliográficos
Autor principal: Bustos Gisbert, Eugenio de
Formato: Livro
Idioma:Undetermined
Publicado em: Salamanca, España Ediciones Universidad de Salamanca 1984
Assuntos:
Tags: Adicionar Tag
Sem tags, seja o primeiro a adicionar uma tag!

MARC

LEADER 00000nam a2200000Ia 4500
008 170316s9999 xx 000 0 und d
090 |a 801 B-38a 
100 |a Bustos Gisbert, Eugenio de 
245 |a Aproximación a la Composición Nominal Española 
260 |a Salamanca, España 
260 |b Ediciones Universidad de Salamanca 
260 |c 1984 
300 |a 44 páginas 
650 |a TEORÍA LITERARIA 
650 |a ESPAÑOL 
650 |a FORMACIÓN DE PALBRAS 
650 |a GRAMÁTICA 
999 |c 20107  |d 20107 
040 |a cru BVZT 
942 |c 15 D  |h 801 B-38a  |2 z